Los descubrimientos del mundo (Record no. 177356)

MARC details
000 -LEADER
campo de control de longitud fija 00942nam a22002535i 4500
001 - NÚMERO DE CONTROL
campo de control 177356
003 - IDENTIFICADOR DE NÚMERO DE CONTROL
campo de control ES-MaACL
005 - FECHA Y HORA DE LA ÚLTIMA TRANSACCIÓN
campo de control 20250827233032.0
008 - DATOS DE LONGITUD FIJA--INFORMACIÓN GENERAL
campo de control de longitud fija 110317s1969 sp ab |||| | spa d
080 ## - NÚMERO DE LA CLASIFICACIÓN DECIMAL UNIVERSAL
Número de la Clasificación Decimal Universal 930.85"11/13"
080 ## - NÚMERO DE LA CLASIFICACIÓN DECIMAL UNIVERSAL
Número de la Clasificación Decimal Universal 008"11/13"
245 04 - MENCIÓN DEL TÍTULO
Título Los descubrimientos del mundo
Resto del título : 1300/1500, una época de calamidades.
250 ## - MENCION DE EDICION
Mención de edición 1ª ed.
260 ## - PUBLICACIÓN, DISTRIBUCIÓN, ETC.
Lugar de publicación, distribución, etc. Barcelona [etc.] :
Nombre del editor, distribuidor, etc. Bruguera,
Fecha de publicación, distribución, etc. 1969.
300 ## - DESCRIPCIÓN FÍSICA
Extensión 253 p. :
Otras características físicas il. col. y n. ;
Dimensiones 26 cm.
490 1# - MENCIÓN DE SERIE
Mención de serie Las metamorfosis de la humanidad : una historia del arte y el mundo / bajo la dirección de Robert Philippe ;
Designación de volumen o secuencia 1300/1500
500 ## - NOTA GENERAL
Nota general Índices.
504 ## - NOTA DE BIBLIOGRAFÍA, ETC.
Nota de bibliografía, etc. Bibliografía: p. 239-241.
650 04 - PUNTO DE ACCESO ADICIONAL DE MATERIA--TÉRMINO DE MATERIA
Término de materia o nombre geográfico como elemento de entrada Civilización-
Subdivisión general Historia
9 (RLIN) 11082
700 0# - ENTRADA AGREGADA--NOMBRE PERSONAL
Nombre de persona Robert, Philippe.
9 (RLIN) 97813
830 04 - PUNTO DE ACCESO ADICIONAL DE SERIE-TÍTULO UNIFORME
Título uniforme Las metamorfosis de la humanidad: una historia del arte y el mundo
Designación de volumen o secuencia 1300/1500
9 (RLIN) 242127
852 ## - LOCALIZACIÓN
Ubicación ES-MaACL
Número de control de estantería E-14705
Encuadernación Olim P-1370
Holdings
Estatus retirado Estado de pérdida Estado de daño No para préstamo Biblioteca de origen Biblioteca actual Ubicación en estantería Fecha de adquisición Fuente de adquisición Total de préstamos Signatura topográfica completa Código de barras Visto por última vez Precio de reemplazo Tipo de ítem Koha
        Biblioteca del Ateneo de Madrid Biblioteca del Ateneo de Madrid Depósito 2 17/03/2011     E-14705 1186277 23/02/2023 23/02/2023 Libro impreso